000 00803cam a2200241 a 4500
001 4470726
005 20250307082500.0
008 960424s1996 maua 000 0 eng
020 _a0875847471 (alk. paper)
050 0 0 _aHD58.8
_b.K65 1996
082 0 0 _a658.4/06
_220
100 1 _aKotter, John P.,
_d1947-
245 1 0 _aLeading change /
_cJohn P. Kotter.
260 _aBoston, Mass. :
_bHarvard Business School Press,
_cc1996.
300 _ax, 187 p. :
_bill. ;
_c24 cm.
650 0 _aOrganizational change.
650 0 _aLeadership.
650 0 _aIndustrial organization.
650 0 _aStrategic planning.
856 7 _3Table of contents
_uhttp://lcweb.loc.gov/catdir/toc/96-20263.html
_2http
856 4 _3Table of Contents
_uhttp://lcweb.loc.gov/catdir/toc/96020263.html
942 _2lcc
_cBK
_n0
999 _c4540
_d4540